| Tag |
First Indicator |
Second Indicator |
Subfields |
| LEADER |
00000cam a2200000 i 4500 |
| 001 |
in00004749513 |
| 008 |
230314t20232023nyua b 001 0 eng |
| 005 |
20250318220508.2 |
| 010 |
|
|
|a 2023003504
|
| 020 |
|
|
|a 9781032458359
|
| 020 |
|
|
|a 1032458356
|q hardcover
|
| 020 |
|
|
|a 9781032458366
|q paperback
|
| 020 |
|
|
|a 1032458364
|q paperback
|
| 020 |
|
|
|z 9781003378914
|q electronic book
|
| 020 |
|
|
|z 9781000907834
|q electronic publication
|
| 020 |
|
|
|z 9781000907810
|q electronic book
|
| 035 |
|
|
|a (OCoLC)on1374489169
|
| 035 |
|
|
|a (OCoLC)1374489169
|
| 040 |
|
|
|a LBSOR
|b eng
|e rda
|c DLC
|d OCLCF
|d BDX
|d YDX
|d UKMGB
|d OCLCQ
|d OCLCO
|d YDX
|
| 042 |
|
|
|a pcc
|
| 043 |
|
|
|a e-gr---
|a n-us---
|a n-cn---
|
| 050 |
0 |
0 |
|a DF811.I54
|b G74 2023
|
| 082 |
0 |
0 |
|a 305.88/9307309034
|2 23/eng/20230331
|
| 245 |
0 |
4 |
|a The Greek revolution and the Greek diaspora in the United States /
|c edited by Maria Kaliambou.
|
| 264 |
|
1 |
|a New York :
|b Routledge, Taylor & Francis Group,
|c 2023.
|
| 264 |
|
4 |
|c ©2023
|
| 300 |
|
|
|a x, 107 pages :
|b illustrations ;
|c 24 cm.
|
| 336 |
|
|
|a text
|b txt
|2 rdacontent
|
| 337 |
|
|
|a unmediated
|b n
|2 rdamedia
|
| 338 |
|
|
|a volume
|b nc
|2 rdacarrier
|
| 490 |
1 |
|
|a Routledge studies in modern history
|
| 520 |
|
|
|a "This book examines the question of historical awareness within the Greek communities in the diaspora, adding a new perspective on the discussion about the Greek Revolution of 1821 by including the forgotten Greeks in the United States and Canada. The purpose of the volume is to discuss the impact of the Greek Revolution as manifested in various discourses. It is celebrated by the Greek communities, taught in Greek schools, covered in the local newspapers and is an inspiration for literary, artistic, and theatrical creations. The chapters reflect a broad range of disciplines (history, literature, art history, ethnology, education), offering both historical and contemporary reflections. The volume produces new knowledge about the Greeks in the United States and Canada for the last one-hundred years. The Greek Revolution and the Greek Diaspora in the United States will attract scholars, students, and public readers of Modern Greek Studies and Greek American Studies, as well as those interested in comparative history, diaspora and ethnic studies, memory studies, and cultural studies"--
|c Provided by publisher.
|
| 504 |
|
|
|a Includes bibliographical references and index.
|
| 505 |
0 |
|
|a Introduction / Maria Kaliambou -- A history of AHEPA's commemorations of 1821 / Alexander Kitroeff -- "Hellenes of Toronto, proud of Canadianism" : commemorating the 1821 revolution in Canada, 1920s-2021 / Sakis Gekas -- Architecture, abolition, revolution : Greek American revival (1920s) of the American Greek revival (1820s) / Kostis Kourelis -- Representations of the Greek revolution in Greek American publications / Maria Kaliambou -- Celebrating the 150 Years of the Greek revolution in Greek Orthodox schools in the United States / Fevronia Soumakis -- Recontextualizing the bicentenary in Greek America and beyond : Greek civic identities in the diaspora / Yiorgos Anagnostou.
|
| 651 |
|
0 |
|a Greece
|x History
|y War of Independence, 1821-1829
|x Influence.
|
| 650 |
|
0 |
|a Philhellenism
|z United States.
|
| 650 |
|
0 |
|a Philhellenism
|z Canada.
|
| 650 |
|
0 |
|a Greek Americans
|x Ethnic identity.
|
| 650 |
|
0 |
|a Greeks
|z Canada
|x Ethnic identity.
|
| 650 |
|
6 |
|a Philhellénisme
|z États-Unis.
|
| 650 |
|
6 |
|a Philhellénisme
|z Canada.
|
| 650 |
|
6 |
|a Américains d'origine grecque
|x Identité ethnique.
|
| 650 |
|
6 |
|a Grecs
|z Canada
|x Identité ethnique.
|
| 650 |
|
7 |
|a Greek Americans
|x Ethnic identity
|2 fast
|
| 650 |
|
7 |
|a Greeks
|x Ethnic identity
|2 fast
|
| 650 |
|
7 |
|a Philhellenism
|2 fast
|
| 651 |
|
7 |
|a Canada
|2 fast
|
| 651 |
|
7 |
|a Greece
|2 fast
|
| 651 |
|
7 |
|a United States
|2 fast
|
| 647 |
|
7 |
|a War of Independence
|c (Greece :
|d 1821-1829)
|2 fast
|0 (OCoLC)fst01355287
|
| 648 |
|
7 |
|a 1821-1829
|2 fast
|
| 655 |
|
7 |
|a History
|2 fast
|
| 700 |
1 |
|
|a Kaliambou, Maria,
|e editor.
|
| 776 |
0 |
8 |
|i Online version:
|t Greek revolution and the Greek diaspora in the United States
|d New York, NY : Routledge, Taylor & Francis Group, 2023
|z 9781003378914
|w (DLC) 2023003505
|
| 830 |
|
0 |
|a Routledge studies in modern history.
|
| 852 |
8 |
|
|b pda,print
|z This title is available for the library to purchase for your use. Click the "Purchase It For Me" button to place a request. This item may take 5-10 business days to arrive.
|
| 955 |
|
|
|a Print PDA title
|
| 961 |
|
|
|m 565730
|
| 999 |
f |
f |
|s 222bb6b7-aca7-4c9c-a048-1e28bc683649
|i 567ce39c-badc-4d40-9b76-f386366e78fc
|t 0
|
| 952 |
f |
f |
|a Texas A&M University
|b College Station
|c Sterling C. Evans Library
|d Purchase on Demand
|t 0
|e DF811.I54 G74 2023
|h Library of Congress classification
|
| 998 |
f |
f |
|a DF811.I54 G74 2023
|t 0
|l Purchase on Demand
|